|
|
|
|
| LEADER |
01148nam a2200253 a 4500 |
| 001 |
15056442 |
| 008 |
090528s2007 bg ab b 000 0 eng d |
| 010 |
|
|
|a \\2007341027
|
| 020 |
|
|
|a 9840802224
|
| 040 |
|
|
|a DLC
|c DLC
|d DLC
|
| 082 |
0 |
4 |
|a 551.91/095492
|2 22
|
| 100 |
1 |
|
|a Kabir, Md. Humayun,
|d 1943-
|
| 245 |
1 |
0 |
|a Tanguar Haor, a diversified freshwater wetland /
|c Md. Humayun Kabir, Shahalam M.N. Amin.
|
| 260 |
|
|
|a Dhaka :
|b Academic Press and Publishers Library,
|c 2007.
|
| 300 |
|
|
|a ix, 137 p. :
|b ill., maps ;
|c 23 cm.
|
| 500 |
|
|
|a "Local people 's dependence on resources and participation in conservation practices."
|
| 520 |
|
|
|a Study on freshwater wetlands in northeastern region of Bangladesh.
|
| 504 |
|
|
|a Includes bibliographical references (p. 129-137).
|
| 541 |
1 |
|
|e 00016633
|
| 650 |
|
0 |
|a Wetlands
|z Bangladesh.
|
| 700 |
1 |
|
|a Amin, Shahalam M. N.
|q (Shahalam Muhammad Nurul),
|d 1951-
|
| 852 |
4 |
|
|a Ayesha Abed Library
|j General shelf
|
| 999 |
|
|
|c 1145
|d 1145
|
| 952 |
|
|
|0 0
|1 0
|2 ddc
|4 0
|6 551_910954920000000_KAB_2007
|7 0
|9 1034
|a BRACUL
|b BRACUL
|c GEN
|d 2009-06-24
|g 255.00
|l 1
|o 551.91095492 KAB
|p 3010016633
|r 2019-09-01
|s 2019-08-21
|t 1
|v 510.00
|w 2009-06-24
|y BK
|